[Event "Belgrade Serbia op"]
[Site "Belgrade"]
[Date "2023.07.20"]
[Round "5"]
[White "Tregubenko, Nikolay"]
[Black "Shadyev, Damir"]
[Result "1/2-1/2"]
[WhiteElo "2130"]
[BlackElo "1741"]
[PlyCount "67"]
[EventDate "2023.07.16"]
[EventType "swiss"]
[EventRounds "9"]
[EventCountry "SRB"]
[SourceTitle "CBM 215 Extra"]
[Source "ChessBase"]
[SourceDate "2023.09.30"]
[SourceVersion "1"]
[SourceVersionDate "2023.09.30"]
[SourceQuality "1"]

1. e4 c5 2. Nf3 e6 3. d4 cxd4 4. Nxd4 a6 5. Nc3 Qc7 6. Be3 b5 7. Bd3 Nf6 8. Qf3 Bb7 9. g4 b4 10. Nce2 d5 11. Ng3 Qe5 12. Qe2 dxe4 13. Bc4 Be7 14. 0-0-0 0-0 15. Nh5 Nxh5 16. gxh5 Bf6 17. h6 g6 18. Qg4 Nc6 19. Bf4 Qc5 20. Nxc6 Qxc6 21. Bb3 Rac8 22. Bg5 Be5 23. Qh4 Qc7 24. Rhe1 Bd5 25. Re2 f6 26. Be3 Rfd8 27. Red2 Qc6 28. Qg4 a5 29. Bf4 f5 30. Qh4 Bxf4 31. Qxf4 a4 32. Qe5 Rd7 33. Bxd5 exd5 34. Kb1 1/2-1/2

[Event "EU-ch 23rd"]
[Site "Vrnjacka Banja"]
[Date "2023.03.09"]
[Round "7"]
[White "Shadyev, Damir"]
[Black "Braun, Christian1111"]
[Result "0-1"]
[WhiteElo "1712"]
[BlackElo "2449"]
[PlyCount "82"]
[EventDate "2023.03.03"]
[EventType "swiss"]
[EventRounds "11"]
[EventCountry "SRB"]
[SourceTitle "CBM 213"]
[Source "ChessBase"]
[SourceDate "2023.04.30"]
[SourceVersion "1"]
[SourceVersionDate "2023.04.30"]
[SourceQuality "1"]

1. e4 d6 2. d4 g6 3. Nc3 Bg7 4. Be3 c6 5. a4 Nf6 6. f3 Qa5 7. Qd2 Nbd7 8. h4 h5 9. Nh3 e5 10. dxe5 dxe5 11. Ng5 0-0 12. Bc4 Qb4 13. b3 Nb6 14. Be2 a5 15. Nb1 Qxd2+ 16. Nxd2 Nfd7 17. Nc4 Nxc4 18. Bxc4 Bf6 19. Ke2 Be7 20. c3 Kg7 21. Rhb1 Nc5 22. Bxc5 Bxc5 23. b4 axb4 24. cxb4 Bd4 25. Ra2 f6 26. Ne6+ Bxe6 27. Bxe6 f5 28. exf5 gxf5 29. b5 Rf6 30. Bd7 c5 31. a5 c4 32. Ra4 Rd8 33. Bc6 bxc6 34. b6 c3 35. b7 Ba7 36. Rc4 Rfd6 37. Rxc3 Rd2+ 38. Ke1 Rxg2 39. Rbb3 Rg1+ 40. Ke2 Rdd1 41. Rb6 Bxb6 0-1

[Event "EU-ch 23rd"]
[Site "Vrnjacka Banja"]
[Date "2023.03.08"]
[Round "6"]
[White "Samani, Yamac"]
[Black "Shadyev, Damir"]
[Result "1-0"]
[WhiteElo "2357"]
[BlackElo "1712"]
[PlyCount "65"]
[EventDate "2023.03.03"]
[EventType "swiss"]
[EventRounds "11"]
[EventCountry "SRB"]
[SourceTitle "CBM 213"]
[Source "ChessBase"]
[SourceDate "2023.04.30"]
[SourceVersion "1"]
[SourceVersionDate "2023.04.30"]
[SourceQuality "1"]

1. d4 Nf6 2. c4 g6 3. Nc3 Bg7 4. e4 d6 5. h3 0-0 6. Be3 c5 7. d5 Na6 8. Nf3 Nc7 9. Bd3 a6 10. a4 Rb8 11. 0-0 Bd7 12. e5 Nfe8 13. Qe2 b6 14. Bf4 dxe5 15. Nxe5 Nd6 16. Rfe1 Re8 17. Qf3 Rb7 18. g4 b5 19. axb5 axb5 20. cxb5 Bxe5 21. Bxe5 Ncxb5 22. Bxb5 Bxb5 23. Bxd6 exd6 24. Rxe8+ Qxe8 25. Ne4 Qe5 26. Ra8+ Kg7 27. g5 f5 28. gxf6+ Kf7 29. h4 h6 30. Rh8 Ba6 31. Rxh6 Rxb2 32. Ng5+ Ke8 33. Qe4 1-0